000 00486nam a2200157Ia 4500
008 220531s9999 xx 000 0 und d
041 _amar
100 _aकोलते वि भि
_964889
245 _aमहाराष्ट्रातील काही ताम्रपट शिलालेख
260 _bMaharashtra Rajya Sanskruti Mandal
_c1969
300 _a445
542 _d21-04-2010
650 _aHistory
_964890
906 _d2010-2011
999 _c36772
_d36772